000 00519nam a2200193 i 4500
001 bgj
100 1 _aKELLER, Werner.
245 1 0 _aGoethes dichterische Bildlichkeit :
_beine Grundlegung /
_hWerner Keller.
260 _aMünchen :
_bWilhelm Fink Verlag ;
_c1972.
300 _a315 s. ;
_c25 cm.
504 _aBibliogr. 299-307. Indeks.
650 9 _aLiteratura niemiecka
040 _cBPK
041 0 _ager
044 _aDEU
080 _a821.112.2
942 _cKS
008 s gw f |000 0 ger
999 _c50362
_d50362
856 _uhttp://koha.tu.koszalin.pl/cgi-bin/koha/opac-detail.pl?biblionumber=50362
_yKatalog online BPK